Selected poems

Đã lưu trong:
书目详细资料
主要作者: Arnold, Matthew
格式: 图书
语言:Undetermined
出版: London MacMillan and Co. 1893
主题:
标签: 添加标签
没有标签, 成为第一个标记此记录!
Thư viện lưu trữ: Trung tâm Học liệu Trường Đại học Cần Thơ
LEADER 00453nam a2200181Ia 4500
001 CTU_91300
008 210402s9999 xx 000 0 und d
082 |a 823 
082 |b A752 
100 |a Arnold, Matthew 
245 0 |a Selected poems 
245 0 |c Matthew Arnold 
260 |a London 
260 |b MacMillan and Co. 
260 |c 1893 
650 |a English literature 
904 |i Truc 
980 |a Trung tâm Học liệu Trường Đại học Cần Thơ